Le titre est dans les paroles #5 (RAP FR) - Statistiques

Statistiques générales
  • Ce quiz a été pris 141 fois
  • Le résultat moyen est 5 sur 15
Statistiques - réponses
Musiques Réponses % Correct
J'ai pas besoin d'attendre plus longtemps Je sais qu'il est temps de partager mon sang Et t'élever au rang de ----- Au rang de -----, au rang de ----- Reine (Dadju)
79%
J'prends mon envol comme un p'tit -------
Quitter le camp, ah, j'fous l'camp
Traîner, zoner, dis-moi jusqu'à quand?
Traîner, zoner, dis-moi jusqu'à quand?
Pélican (L2B)
73%
Notre histoire n'aurait jamais pu finir dans le calme et la tendresse
Je te déteste comme cette phrase qui dit, "C'était ---- ---- pour être vrai"
Je n'avouerai jamais que certaines de mes propres émotions m'effraient
Je te déteste comme cette phrase qui dit, "C'était ---- ---- pour être vrai"
Trop beau (Lomepal)
72%
Mais laisse moi, je peux tout t'expliquer Des fois je fais des choses que je comprends pas La nuit m'aide à méditer C'est dans ces moments que je me dis que je vais ------- Changer (GIMS)
55%
J'étais là pour elle, mon négroLes fois où j'étais absent c'était à cause de mon boulot Moi je voulais juste transformer mes flows en euros À l'heure où tu m'écoutes, elle baise sûrement avec un autre Et ça ça m'blesse, ça laisse des douleurs à l'------- Abdomen (Jok'air)
46%
Elle me dit qu'elle veut du love ---- ---Elle sait qu'ici tout s'achète Elle veut les preuves de virement Elle a dit, "donne-moi tout, il faut qu'tu restes ---- ---" Avec moi (RnBoi ft Nono La Grinta)
41%
Mon cœur est ---, sorry, toi et moi ça sera une sex story, moi j'suis là que pour le sexe torride SEC (Josman)
35%
Le miel ou la money J'finis le Jack et le Honey J'ai besoin d'nature et d'soleil J'fumais le pollen en ----- J'fumais le pollen en ----- Ballon qui vole, c'est pas du volley Poney (Werenoi)
27%
Mais comment vais-je te dire adieu? Si j'en suis là, c'est grâce à ---- ---- Nous deux (SDM)
24%
J'ai -- --- - -- ----C'que j'ai sur le cœur, j'me sens mieux Quand j'suis au volant d'la Mercedes J'ai -- --- - -- ---- Que sans toi j'peux avancer Sans argent, j'vais nulle part Du mal à te dire (Dinos ft Damso)
17%
Aucune chance dans les équations
On fait l'taf et les bons placements
Concentrés, loin des tentations
Venus reprendre --- -------- -- -------
Les diamants de Bokassa (Ninho ft Tiakola)
16%
J'ai rien dit, j'suis resté zen, mon papa m'partage sa peine Lâché sans hésiter, lynché dans les JT Mais pour l'amour de la SACEM, je fais preuve d'------- Ipséité - Bonus track (Damso)
14%
Dans -- ----- --- ------ y a qu'du désordre, personne pour ranger, sauf mamanDans -- ----- --- ------ traîne un trésor que peu d'femmes peuvent trouver Le coeur des hommes (PLK)
8%
C'est un ----- ----------C'est un ----- ---------- Toute la noche, on dort ap', y a des billets à surveiller Crime ensoleillé (La Mano 1.9 ft Tiakola)
4%
Encore une fois, ----- - -'--------
On s'doit d'faire un sale boulot
Si ça marche pas, ----- - -'-------- On s'fait claquer, aucun prénom
Comme à l'ancienne (RK ft PLK)
3%
Aucun quiz correspondant
Distribution des résultats
% des personnes avec chaque résultat
Percentile par nombre de réponses
Votre historique - résultats
Vous n’avez pas pris ce quiz